| 000 | 00466nam a2200181Ia 4500 | ||
|---|---|---|---|
| 005 | 20250326125430.0 | ||
| 008 | 250326s9999 xx 000 0 und d | ||
| 037 | _aTextbook | ||
| 040 |
_aFMSL _beng _cFMSL |
||
| 041 |
_aeng _2eng |
||
| 084 |
_aY48 K4 _qFMSL |
||
| 100 |
_aUris A _9737400 |
||
| 245 | 0 |
_aTechniques of leadership _cUris A |
|
| 260 |
_aNY _bNY, McGraw-Hill _c1964 |
||
| 300 | _a239p | ||
| 942 |
_cTB _hY48 K4 |
||
| 999 |
_c1278042 _d1278042 |
||